| 000 | 00965nam0a22002531 4500 | ||
|---|---|---|---|
| 001 | rc\734350 | ||
| 005 | 20250622112909.0 | ||
| 035 | _a(NLR Aleph) 006264597 | ||
| 090 |
_a6884893 _c6884893 |
||
| 100 | _a20040301d1985 |||y0rusy50 ca | ||
| 101 | 0 | _arus | |
| 102 | _aRU | ||
| 105 | _aa ||||||||| | ||
| 200 | 1 |
_aМикрокалькуляторы с программным управлением в учебной лаборатории _e[Учеб. пособие для вузов по спец. "Радиофизика и электрон.", "Физика"] |
|
| 210 |
_aМинск _cУниверситетское _d1985 |
||
| 215 |
_a206, [1] с. _cил. _d21 |
||
| 320 | _aБиблиогр.: с. 205 | ||
| 700 | 1 |
_aПоснова _bМ.Ф. _gМарина Федоровна |
|
| 701 | 1 |
_aПоснов _bН.Н. _gНиколай Николаевич |
|
| 801 | 0 |
_aRU _bNLR _gpsbo |
|
| 801 | 1 |
_aRU _bELAR _2rusmarc |
|
| 852 |
_aNLR _j86-3/787 |
||
| 942 | _cBOOK | ||
| 980 | _aNB | ||